Lo vivo y lo muerto en la idea marxista (Record no. 100166)

MARC details
000 -LEADER
campo de control de longitud fija 00736nam a2200181 i 4500
001 - NÚMERO DE CONTROL
campo de control 100166
003 - IDENTIFICADOR DE NÚMERO DE CONTROL
campo de control ES-MaACL
005 - FECHA Y HORA DE LA ÚLTIMA TRANSACCIÓN
campo de control 20250915063047.0
007 - CAMPO FIJO DE DESCRIPCIÓN FÍSICA--INFORMACIÓN GENERAL
campo de control de longitud fija t|
008 - DATOS DE LONGITUD FIJA--INFORMACIÓN GENERAL
campo de control de longitud fija 050922s1972 zzz ||||1| spa d
100 1# - ENTRADA PRINCIPAL--NOMBRE DE PERSONA
Nombre de persona Martínez Val, José María,
Fechas asociadas al nombre 1916-
9 (RLIN) 78455
245 10 - MENCIÓN DEL TÍTULO
Título Lo vivo y lo muerto en la idea marxista
Resto del título : Discurso de ingreso en la Real Academia de Ciencias Económicas y Financieras de Barcelona el 21 de Febrero de 1969 /
Mención de responsabilidad, etc. José María Martínez Val.
260 ## - PUBLICACIÓN, DISTRIBUCIÓN, ETC.
Lugar de publicación, distribución, etc. [s.l. :
Nombre del editor, distribuidor, etc. s.n.],
Fecha de publicación, distribución, etc. 1972.
300 ## - DESCRIPCIÓN FÍSICA
Extensión 26 h. ;
Dimensiones 22 cm.
500 ## - NOTA GENERAL
Nota general Es fotocopia de "Anales de la Real Academia de Ciencias Económicas y Financieras. Curso 1968-69. p. 127-151.
852 ## - LOCALIZACIÓN
Ubicación ES-MaACL
Número de control de estantería 2103-F-18
Sublocalización o colección R.94620
Holdings
Estatus retirado Estado de pérdida Estado de daño No para préstamo Colección Biblioteca de origen Biblioteca actual Ubicación en estantería Fecha de adquisición Fuente de adquisición Total de préstamos Signatura topográfica completa Código de barras Visto por última vez Precio de reemplazo Tipo de ítem Koha
        Colección de folletos Biblioteca del Ateneo de Madrid Biblioteca del Ateneo de Madrid Depósito folletos 17/01/2008     2103-F-18 1104593 23/02/2023 23/02/2023 Folleto